JETRO - Its organization and funtions

Đã lưu trong:
书目详细资料
格式: 图书
语言:Undetermined
出版: Tokyo JETRO 1974
主题:
标签: 添加标签
没有标签, 成为第一个标记此记录!
Thư viện lưu trữ: Trung tâm Học liệu Trường Đại học Cần Thơ
LEADER 00368nam a2200145Ia 4500
001 CTU_78865
008 210402s9999 xx 000 0 und d
082 |a 380.1 
082 |b J.58 
245 0 |a JETRO - Its organization and funtions 
260 |a Tokyo 
260 |b JETRO 
260 |c 1974 
650 |a Trade 
980 |a Trung tâm Học liệu Trường Đại học Cần Thơ